Guía básica de educación afectivo-sexual para personas con discapacidad visual /

Uloženo v:
Podrobná bibliografie
Hlavní autor: Sánchez Raja, Esther (autor)
Další autoři: Honrubia Pérez, María (autor) (autor), Chacón Sánchez, María Dolores G. (autor) (autor)
Médium: Kniha
Jazyk:španělština
Vydáno: Barcelona, España : Universidad de Barcelona, 2005, c2005
Témata:
Tagy: Přidat tag
Žádné tagy, Buďte první, kdo vytvoří štítek k tomuto záznamu!

MARC

LEADER 00000nam^a2200000^a^4500
001 000181012
005 20250521000000.0
009 20260526130156.833
020 |a 84-475-2872-3 
037 |a Acervo ITESO - Biblioteca 
041 |a ESP 
082 |a 370. 11  |b SAN 
100 |a Sánchez Raja, Esther  |e (autor) 
245 1 0 |a Guía básica de educación afectivo-sexual para personas con discapacidad visual /  |c E. Sánchez Raja, M. Honrubia Pérez, M.D.G. Chacón Sánchez. 
264 4 |a Barcelona, España :  |b Universidad de Barcelona,  |c 2005, c2005 
300 |a 175 p. 
336 |a texto  |b txt  |2 rdacontenido 
337 |a sin mediación  |b n  |2 rdamedio 
338 |a volumen  |b nc  |2 rdasoporte 
649 |a XX 
650 |a Ciegos 
650 |a Débiles Visuales 
650 |a Educación Sexual -  |x Tema Principal 
650 |a Afectividad 
650 |a Educación Especial 
650 |a Educación 
700 |a Honrubia Pérez, María  |e (autor) 
700 |a Chacón Sánchez, María Dolores G.  |e (autor) 
910 |a Fondo General 
920 |a Impresos - Libros 
930 |a Colección General 
905 |a 101 
901 |a 0500120721  |b IT1  |c ACC  |u 20250521 
902 |a https://opac.biblio.iteso.mx/vufind/Record/000181012